| 000 | 01375nam a22002657a 4500 | ||
|---|---|---|---|
| 001 | HUB045888 | ||
| 003 | OCoLC | ||
| 005 | 20150616092344.0 | ||
| 008 | 150608b xxu||||| |||| 00| 0 eng d | ||
| 020 | _a9780671724009 | ||
| 035 | _a.b65330857 | ||
| 040 |
_aVCQ _cVCQ _dOCL _dSNM _dOCLCQ _dBAKER _dMNY _dBTCTA _dYDXCP _dOSU _dUtOrBLW |
||
| 049 | _aOSUU | ||
| 050 |
_aPN4121. _bC215q 1977 |
||
| 100 | 1 |
_aCarnegie, Dale, _d1888-1955. |
|
| 245 | 1 | 4 |
_aThe quick & easy way to effective speaking : _bmodern techniques for dynamic communication / _cDale Carnegie. |
| 260 |
_aNew York : _bPocket Books, _c1977. |
||
| 300 |
_a221 p. ; _c18 cm. |
||
| 500 | _aA revision by Dorothy Carnegie of Public speaking and influencing men in business. | ||
| 505 | 0 | _aAcquiring the basic skills -- Developing confidence -- Speaking effectively the quick and easy way -- Earning the right to talk -- Vitalizing the talk -- Sharing the talk with the audience -- Making the short talk to get action -- Making the talk to inform -- Making the talk to convince -- Making impromptu talks -- Delivering the talk -- Introducing speakers, presenting and accepting awards -- Organizing the longer talk -- Applying what you have learned. | |
| 650 | 0 | _aPublic speaking. | |
| 700 | 1 |
_aCarnegie, Dorothy, _d1912- |
|
| 740 | _aQuick and easy way to effective speaking. | ||
| 942 |
_2lcc _cBK _mPN4121.C215q 1977 |
||
| 999 |
_c284787 _d284787 |
||